| 000 | 00904nam a2200205Ia 4500 | ||
|---|---|---|---|
| 008 | 0000002006 sp a 0000000000spa00 | ||
| 090 | _aPSP00 S31j | ||
| 100 | 1 |
_aSicilia, José María _d1954 |
|
| 245 | 1 | 0 |
_aJosé María Sicilia _b: eclipses _c/ traducción Lorraine Kerslake ; fotografías Jorge Oronoz |
| 300 |
_a39 p. _c/ 28 cm. |
||
| 500 | _aExposición realizada en la Galería Soledad Lorenzo, Madrid, Mayo 9 Junio 17, 2006 \ Con el patronazgo del maestro venezolano Jesús Rafael Soto (q.e.p.d.) \ Registro auspiciado por el IDCT. Bogotá | ||
| 600 | 0 | 0 |
_aSICILIA, JOSE MARIA, 1954/ _xTRABAJOS PICTORICOS |
| 650 | 1 | 4 | _aARTE CONTEMPORANEO ESPAÑOL |
| 650 | 1 | 4 | _xCATALOGOS |
| 650 | 1 | 4 | _xEXPOSICIONES |
| 650 | 1 | 4 | _aPINTORES ESPAÑOLES |
| 650 | 1 | 4 | _aPINTURA ESPAÑOLA |
| 700 | 1 | _aKerslake, Lorraine, tr. \ Oronoz, Jorge | |
| 999 |
_c4159 _d4159 |
||
| 260 |
_aMadrid : Galería Soledad Lorenzo _c2006 |
||